000 00253nam a2200109Ia 4500
005 20251222114408.0
008 251222s1900||||xx |||||||||||||| ||spa||
082 _aDVD0070/A32/2003
245 0 _aPaloma de papel
264 _bLuna LLena Films
942 _cDVD
999 _c1900
_d1900